=LDR 00000nam 2200000 4500 =001 INLIS000000000013410 =005 20130612104816 =008 ***********************************Ind** =035 ##$$0010-061300000013410 =041 ##$$a Ind =082 ##$$a 2x2.22 =090 ##$$a 2x2.22, Alm r =100 ##$$a Al-Mundziri,Imam =245 ##$$a Ringkasan Shahih Muslim, Imam Al-Mundziri =260 ##$$a 2003 $b Jakarta =300 ##$$a 1315 hlm, 25 cm =650 ##$$a Sahih Muslim =850 ##$$a NBPNMAT